| 000 | 00588cam a22001457a 4500 | ||
|---|---|---|---|
| 008 | 180718b1976 xxu||||| |||| 00| 0 eng d | ||
| 082 | _aI582x73 G987 | ||
| 100 | _aGuttman, Daniel | ||
| 245 |
_aShadow government: the government's multi-billion dollar giveway of its decision making powers to private management consultants, "experts", and think tanks _cby Daniel Guttman and Barry Willner |
||
| 260 |
_aNew York _bPantheon Books _c1976 |
||
| 300 | _a354p. | ||
| 650 | _aBusiness consultants --United States | ||
| 650 | _aGovernment consultants --United States | ||
| 700 | _aWillner, Barry | ||
| 999 |
_c345479 _d345479 |
||